[Event "ABC-4 2025 Groep A"]
[Site "Utrecht"]
[Date "2025.03.15"]
[Round "2.3"]
[White "Feng, Elysia"]
[Black "Blom, Rens"]
[Result "0-1"]
[WhiteFideId "8607302"]
[BlackFideId "8605586"]
[WhiteElo "1918"]
[BlackElo "1981"]

1. e4 {[%clk 00:55:18]} {[%emt 00:00:01]} d6 {[%clk 00:55:15]} {[%emt
00:00:06]} 2. d4 {[%clk 00:55:20]} {[%emt 00:00:08]} Nf6 {[%clk 00:55:21]}
{[%emt 00:00:04]} 3. Nc3 {[%clk 00:55:22]} {[%emt 00:00:08]} g6 {[%clk
00:55:27]} {[%emt 00:00:05]} 4. Nf3 {[%clk 00:54:55]} {[%emt 00:00:36]} Bg7
{[%clk 00:55:32]} {[%emt 00:00:05]} 5. Be2 {[%clk 00:54:47]} {[%emt 00:00:17]}
O-O {[%clk 00:55:38]} {[%emt 00:00:06]} 6. O-O {[%clk 00:54:47]} {[%emt
00:00:09]} Nc6 {[%clk 00:55:40]} {[%emt 00:00:08]} 7. Be3 {[%clk 00:54:45]}
{[%emt 00:00:12]} e5 {[%clk 00:55:33]} {[%emt 00:00:18]} 8. d5 {[%clk
00:53:09]} {[%emt 00:01:45]} Ne7 {[%clk 00:55:27]} {[%emt 00:00:16]} 9. Qd3
{[%clk 00:52:12]} {[%emt 00:01:05]} Ng4 {[%clk 00:54:09]} {[%emt 00:01:30]} 10.
Bg5 {[%clk 00:43:18]} {[%emt 00:09:04]} f6 {[%clk 00:53:43]} {[%emt 00:00:36]}
11. Bh4 {[%clk 00:43:15]} {[%emt 00:00:13]} g5 {[%clk 00:53:43]} {[%emt
00:00:10]} 12. Bg3 {[%clk 00:43:08]} {[%emt 00:00:16]} h5 {[%clk 00:53:47]}
{[%emt 00:00:07]} 13. h4 {[%clk 00:42:08]} {[%emt 00:01:09]} Ng6 {[%clk
00:50:57]} {[%emt 00:03:01]} 14. Qd2 {[%clk 00:38:16]} {[%emt 00:04:01]} Bh6
{[%clk 00:47:21]} {[%emt 00:03:47]} 15. hxg5 {[%clk 00:37:14]} {[%emt
00:01:11]} fxg5 {[%clk 00:46:02]} {[%emt 00:01:29]} 16. Nh2 {[%clk 00:35:18]}
{[%emt 00:02:06]} Nxh2 {[%clk 00:42:06]} {[%emt 00:04:07]} 17. Bxh2 {[%clk
00:34:38]} {[%emt 00:00:49]} Kg7 {[%clk 00:36:24]} {[%emt 00:05:53]} 18. Qd1
{[%clk 00:33:27]} {[%emt 00:01:21]} g4 {[%clk 00:34:56]} {[%emt 00:01:39]} 19.
f3 {[%clk 00:30:08]} {[%emt 00:03:28]} Be3+ {[%clk 00:26:40]} {[%emt 00:08:25]}
20. Kh1 {[%clk 00:29:06]} {[%emt 00:01:13]} g3 {[%clk 00:26:08]} {[%emt
00:00:43]} 21. Bxg3 {[%clk 00:28:35]} {[%emt 00:00:39]} Qg5 {[%clk 00:26:06]}
{[%emt 00:00:13]} 22. Qe1 {[%clk 00:27:40]} {[%emt 00:01:06]} h4 {[%clk
00:25:58]} {[%emt 00:00:18]} 23. Bh2 {[%clk 00:27:11]} {[%emt 00:00:37]} Nf4
{[%clk 00:22:50]} {[%emt 00:03:19]} 24. Bxf4 {[%clk 00:27:02]} {[%emt
00:00:18]} exf4 {[%clk 00:21:25]} {[%emt 00:01:35]} 25. Nd1 {[%clk 00:25:41]}
{[%emt 00:01:31]} Bd4 {[%clk 00:18:38]} {[%emt 00:02:58]} 26. Nf2 {[%clk
00:21:51]} {[%emt 00:04:00]} Kf7 {[%clk 00:12:59]} {[%emt 00:05:49]} 27. Ng4
{[%clk 00:19:45]} {[%emt 00:02:16]} Rh8 {[%clk 00:10:28]} {[%emt 00:02:40]} 28.
c3 {[%clk 00:19:38]} {[%emt 00:00:18]} Bb6 {[%clk 00:09:20]} {[%emt 00:01:18]}
29. Bd1 {[%clk 00:17:34]} {[%emt 00:02:13]} Ke7 {[%clk 00:07:02]} {[%emt
00:02:29]} 30. e5 {[%clk 00:15:22]} {[%emt 00:02:22]} Bxg4 {[%clk 00:06:48]}
{[%emt 00:00:23]} 31. exd6+ {[%clk 00:15:29]} {[%emt 00:00:03]} Kxd6 {[%clk
00:06:51]} {[%emt 00:00:08]} 32. fxg4 {[%clk 00:15:36]} {[%emt 00:00:03]} Rae8
{[%clk 00:06:53]} {[%emt 00:00:07]} 33. Qd2 {[%clk 00:15:27]} {[%emt 00:00:20]}
Be3 {[%clk 00:06:11]} {[%emt 00:00:51]} 34. Qd3 {[%clk 00:14:56]} {[%emt
00:00:42]} h3 {[%clk 00:05:42]} {[%emt 00:00:39]} 35. Qf5 {[%clk 00:11:28]}
{[%emt 00:03:37]} hxg2+ {[%clk 00:05:30]} {[%emt 00:00:22]} 36. Kxg2 {[%clk
00:11:37]} {[%emt 00:00:01]} Rh2+ {[%clk 00:03:45]} {[%emt 00:01:55]} 37. Kf3
{[%clk 00:11:44]} {[%emt 00:00:03]} Rh3+ {[%clk 00:03:48]} {[%emt 00:00:07]} 38.
Kg2 {[%clk 00:11:50]} {[%emt 00:00:04]} Rg3+ {[%clk 00:03:52]} {[%emt
00:00:07]} 39. Kh2 {[%clk 00:11:52]} {[%emt 00:00:07]} Qh4# {[%emt 00:00:05]}
0-1

[Event "ABC-4 2025 Groep A"]
[Site "Utrecht"]
[Date "2025.03.15"]
[Round "2.4"]
[White "Luong, Thao"]
[Black "Rogozyanskiy, Alexander"]
[Result "1/2-1/2"]
[WhiteFideId "8890816"]
[BlackFideId "8973866"]
[WhiteElo "1838"]
[BlackElo "1959"]

1. e4 {[%clk 00:55:19]} {[%emt 00:00:01]} c5 {[%clk 00:55:15]} {[%emt
00:00:05]} 2. Nf3 {[%clk 00:55:24]} {[%emt 00:00:04]} e6 {[%clk 00:55:22]}
{[%emt 00:00:04]} 3. d4 {[%clk 00:55:24]} {[%emt 00:00:10]} cxd4 {[%clk
00:55:29]} {[%emt 00:00:02]} 4. Nxd4 {[%clk 00:55:26]} {[%emt 00:00:09]} a6
{[%clk 00:55:03]} {[%emt 00:00:35]} 5. c4 {[%clk 00:55:30]} {[%emt 00:00:06]}
Nf6 {[%clk 00:54:33]} {[%emt 00:00:40]} 6. Nc3 {[%clk 00:55:30]} {[%emt
00:00:10]} Qc7 {[%clk 00:54:36]} {[%emt 00:00:08]} 7. a3 {[%clk 00:55:05]}
{[%emt 00:00:35]} b6 {[%clk 00:54:02]} {[%emt 00:00:45]} 8. Be2 {[%clk
00:53:55]} {[%emt 00:01:18]} Bb7 {[%clk 00:53:22]} {[%emt 00:00:50]} 9. f3
{[%clk 00:53:30]} {[%emt 00:00:35]} Be7 {[%clk 00:52:33]} {[%emt 00:00:59]} 10.
O-O {[%clk 00:53:04]} {[%emt 00:00:36]} O-O {[%clk 00:52:33]} {[%emt 00:00:11]}
11. Be3 {[%clk 00:51:59]} {[%emt 00:01:15]} d6 {[%clk 00:46:57]} {[%emt
00:05:46]} 12. Rc1 {[%clk 00:51:27]} {[%emt 00:00:41]} Nbd7 {[%clk 00:46:33]}
{[%emt 00:00:34]} 13. b4 {[%clk 00:50:36]} {[%emt 00:01:02]} Rac8 {[%clk
00:46:01]} {[%emt 00:00:42]} 14. Nb3 {[%clk 00:47:09]} {[%emt 00:03:36]} Rfd8
{[%clk 00:40:57]} {[%emt 00:05:14]} 15. Qd2 {[%clk 00:43:33]} {[%emt 00:03:46]}
Qb8 {[%clk 00:35:33]} {[%emt 00:05:34]} 16. Rfd1 {[%clk 00:38:16]} {[%emt
00:05:27]} Bf8 {[%clk 00:30:15]} {[%emt 00:05:29]} 17. Rc2 {[%clk 00:27:17]}
{[%emt 00:11:09]} Ba8 {[%clk 00:22:54]} {[%emt 00:07:32]} 18. Rcc1 {[%clk
00:18:11]} {[%emt 00:09:15]} Be7 {[%clk 00:21:51]} {[%emt 00:01:13]} 19. Qb2
{[%clk 00:16:59]} {[%emt 00:01:22]} Bb7 {[%clk 00:18:21]} {[%emt 00:03:41]} 20.
Bf2 {[%clk 00:13:42]} {[%emt 00:03:26]} Nh5 {[%clk 00:14:49]} {[%emt 00:03:43]}
21. Be3 {[%clk 00:12:36]} {[%emt 00:01:16]} Nhf6 {[%clk 00:14:13]} {[%emt
00:00:45]} 22. Bf2 {[%clk 00:12:28]} {[%emt 00:00:18]} Qc7 {[%clk 00:12:11]}
{[%emt 00:02:13]} 23. Be3 {[%clk 00:10:40]} {[%emt 00:01:57]} 1/2-1/2

[Event "ABC-4 2025 Groep A"]
[Site "Utrecht"]
[Date "2025.03.15"]
[Round "2.5"]
[White "Van Diggele, Merijn"]
[Black "Van Hesselingen, Guido"]
[Result "1-0"]
[WhiteFideId "8707908"]
[BlackFideId "8795941"]
[WhiteElo "1673"]
[BlackElo "2173"]

1. Nf3 {[%clk 00:55:17]} {[%emt 00:00:01]} d5 {[%clk 00:55:15]} {[%emt
00:00:06]} 2. c4 {[%clk 00:55:23]} {[%emt 00:00:04]} e6 {[%clk 00:55:14]}
{[%emt 00:00:10]} 3. e3 {[%clk 00:55:27]} {[%emt 00:00:07]} Nf6 {[%clk
00:55:10]} {[%emt 00:00:14]} 4. Nc3 {[%clk 00:55:23]} {[%emt 00:00:15]} Be7
{[%clk 00:54:52]} {[%emt 00:00:27]} 5. d4 {[%clk 00:55:21]} {[%emt 00:00:13]}
O-O {[%clk 00:54:47]} {[%emt 00:00:14]} 6. Be2 {[%clk 00:54:56]} {[%emt
00:00:35]} b6 {[%clk 00:54:15]} {[%emt 00:00:42]} 7. O-O {[%clk 00:54:46]}
{[%emt 00:00:20]} c5 {[%clk 00:52:58]} {[%emt 00:01:27]} 8. b3 {[%clk
00:54:07]} {[%emt 00:00:49]} Nc6 {[%clk 00:46:53]} {[%emt 00:06:15]} 9. Ba3
{[%clk 00:50:43]} {[%emt 00:03:34]} Bb7 {[%clk 00:43:49]} {[%emt 00:03:13]} 10.
Qc2 {[%clk 00:50:00]} {[%emt 00:00:54]} cxd4 {[%clk 00:42:19]} {[%emt
00:01:40]} 11. Bxe7 {[%clk 00:49:59]} {[%emt 00:00:11]} Qxe7 {[%clk 00:42:15]}
{[%emt 00:00:14]} 12. exd4 {[%clk 00:49:48]} {[%emt 00:00:21]} Rfd8 {[%clk
00:41:13]} {[%emt 00:01:12]} 13. Rad1 {[%clk 00:49:28]} {[%emt 00:00:31]} Rac8
{[%clk 00:40:28]} {[%emt 00:00:54]} 14. Qb2 {[%clk 00:47:12]} {[%emt 00:02:26]}
dxc4 {[%clk 00:35:22]} {[%emt 00:05:17]} 15. bxc4 {[%clk 00:46:40]} {[%emt
00:00:43]} Na5 {[%clk 00:33:53]} {[%emt 00:01:38]} 16. Qb5 {[%clk 00:40:45]}
{[%emt 00:06:05]} Bxf3 {[%clk 00:28:52]} {[%emt 00:05:12]} 17. gxf3 {[%clk
00:38:58]} {[%emt 00:01:56]} Nc6 {[%clk 00:23:16]} {[%emt 00:05:46]} 18. d5
{[%clk 00:34:39]} {[%emt 00:04:30]} exd5 {[%clk 00:22:31]} {[%emt 00:00:54]} 19.
cxd5 {[%clk 00:33:03]} {[%emt 00:01:45]} Na5 {[%clk 00:16:38]} {[%emt
00:06:04]} 20. Rc1 {[%clk 00:27:20]} {[%emt 00:05:54]} Rc5 {[%clk 00:14:27]}
{[%emt 00:02:20]} 21. Qb4 {[%clk 00:21:23]} {[%emt 00:06:07]} Nxd5 {[%clk
00:08:49]} {[%emt 00:05:47]} 22. Qa3 {[%clk 00:13:10]} {[%emt 00:08:22]} Ne3
{[%clk 00:04:17]} {[%emt 00:04:44]} 23. Kh1 {[%clk 00:05:21]} {[%emt 00:07:59]}
Nxf1 {[%clk 00:04:20]} {[%emt 00:00:07]} 24. Bxf1 {[%clk 00:05:03]} {[%emt
00:00:28]} Re5 {[%clk 00:02:51]} {[%emt 00:01:39]} 25. Qxe7 {[%clk 00:04:16]}
{[%emt 00:00:57]} Rxe7 {[%clk 00:02:59]} {[%emt 00:00:01]} 26. Ne4 {[%clk
00:04:24]} {[%emt 00:00:03]} g6 {[%clk 00:02:36]} {[%emt 00:00:33]} 27. Bh3
{[%clk 00:04:01]} {[%emt 00:00:33]} Nb7 {[%clk 00:02:34]} {[%emt 00:00:12]} 28.
Kg2 {[%clk 00:04:03]} {[%emt 00:00:08]} Kg7 {[%clk 00:02:31]} {[%emt 00:00:13]}
29. Rc2 {[%clk 00:03:40]} {[%emt 00:00:34]} f5 {[%clk 00:02:13]} {[%emt
00:00:28]} 30. Nd2 {[%clk 00:03:21]} {[%emt 00:00:29]} Re2 {[%clk 00:01:51]}
{[%emt 00:00:31]} 31. Rc7+ {[%clk 00:03:29]} {[%emt 00:00:03]} Kf6 {[%clk
00:01:59]} {[%emt 00:00:02]} 32. Rxb7 {[%clk 00:03:24]} {[%emt 00:00:16]} Rdxd2
{[%clk 00:02:06]} {[%emt 00:00:04]} 33. Rxa7 {[%clk 00:03:25]} {[%emt
00:00:08]} Rxf2+ {[%clk 00:02:13]} {[%emt 00:00:03]} 34. Kg3 {[%clk 00:03:34]}
Rxh2 {[%clk 00:01:49]} {[%emt 00:00:34]} 35. Ra6 {[%clk 00:03:43]} {[%emt
00:00:02]} f4+ {[%clk 00:01:33]} {[%emt 00:00:25]} 36. Kxf4 {[%clk 00:03:10]}
{[%emt 00:00:42]} Rxh3 {[%clk 00:01:39]} {[%emt 00:00:05]} 37. Rxb6+ {[%clk
00:03:18]} {[%emt 00:00:02]} Ke7 {[%clk 00:01:36]} {[%emt 00:00:12]} 38. a4
{[%clk 00:03:24]} {[%emt 00:00:05]} Rd3 {[%clk 00:01:29]} {[%emt 00:00:17]} 39.
Rb7+ {[%clk 00:03:24]} {[%emt 00:00:10]} Kd6 {[%clk 00:01:36]} {[%emt
00:00:02]} 40. Kg5 {[%clk 00:03:04]} {[%emt 00:00:30]} Rdxf3 {[%clk 00:01:36]}
{[%emt 00:00:11]} 41. Kg4 {[%clk 00:02:47]} {[%emt 00:00:27]} Rhg3+ {[%clk
00:01:28]} {[%emt 00:00:17]} 42. Kh4 {[%clk 00:02:56]} {[%emt 00:00:01]} g5+
{[%clk 00:01:37]} {[%emt 00:00:01]} 43. Kh5 {[%clk 00:02:54]} {[%emt 00:00:12]}
Rf4 {[%clk 00:01:45]} {[%emt 00:00:02]} 44. Rb6+ {[%clk 00:02:06]} {[%emt
00:00:57]} Kc7 {[%clk 00:01:47]} {[%emt 00:00:09]} 45. Kh6 {[%clk 00:01:34]}
{[%emt 00:00:40]} Kxb6 {[%clk 00:01:51]} {[%emt 00:00:08]} 46. a5+ {[%clk
00:01:43]} Kxa5 {[%clk 00:01:58]} {[%emt 00:00:04]} 47. Kg7 {[%clk 00:01:52]}
h5 {[%clk 00:01:59]} {[%emt 00:00:09]} 48. Kg6 {[%clk 00:02:00]} {[%emt
00:00:01]} h4 {[%clk 00:02:07]} {[%emt 00:00:02]} 49. Kh5 {[%clk 00:02:09]}
{[%emt 00:00:02]} h3 {[%clk 00:02:15]} {[%emt 00:00:01]} 50. Kg6 {[%clk
00:02:18]} {[%emt 00:00:02]} h2 {[%clk 00:02:24]} {[%emt 00:00:02]} 51. Kg7
{[%clk 00:02:26]} h1=Q {[%clk 00:02:30]} {[%emt 00:00:04]} 52. Kg8 {[%clk
00:02:34]} {[%emt 00:00:01]} Qb7 {[%clk 00:02:32]} {[%emt 00:00:08]} 53. Kh8
{[%clk 00:02:42]} {[%emt 00:00:02]} Rf8# {[%clk 00:02:41]} {[%emt 00:00:02]}
1-0

[Event "ABC-4 2025 Groep A"]
[Site "Utrecht"]
[Date "2025.03.15"]
[Round "2.6"]
[White "Van de Poel, Jona"]
[Black "Elferink, Leon"]
[Result "1-0"]
[WhiteFideId "8707633"]
[BlackFideId "8708084"]
[WhiteElo "1977"]
[BlackElo "1926"]

1. e4 {[%clk 00:55:18]} {[%emt 00:00:02]} e5 {[%clk 00:55:14]} {[%emt
00:00:07]} 2. Nf3 {[%clk 00:55:23]} {[%emt 00:00:04]} Nc6 {[%clk 00:55:20]}
{[%emt 00:00:04]} 3. Bc4 {[%clk 00:55:29]} {[%emt 00:00:04]} Bc5 {[%clk
00:55:14]} {[%emt 00:00:16]} 4. c3 {[%clk 00:55:25]} {[%emt 00:00:15]} Nf6
{[%clk 00:55:01]} {[%emt 00:00:22]} 5. d3 {[%clk 00:55:14]} {[%emt 00:00:21]}
d6 {[%clk 00:54:20]} {[%emt 00:00:50]} 6. O-O {[%clk 00:54:59]} {[%emt
00:00:26]} Qe7 {[%clk 00:51:06]} {[%emt 00:03:24]} 7. b4 {[%clk 00:49:10]}
{[%emt 00:05:59]} Bb6 {[%clk 00:51:12]} {[%emt 00:00:04]} 8. a4 {[%clk
00:48:03]} {[%emt 00:01:17]} a5 {[%clk 00:49:01]} {[%emt 00:02:21]} 9. b5
{[%clk 00:47:32]} {[%emt 00:00:41]} Nb8 {[%clk 00:46:54]} {[%emt 00:02:16]} 10.
Be3 {[%clk 00:44:39]} {[%emt 00:03:04]} Bxe3 {[%clk 00:45:06]} {[%emt
00:01:58]} 11. fxe3 {[%clk 00:44:43]} {[%emt 00:00:06]} Bg4 {[%clk 00:43:05]}
{[%emt 00:02:12]} 12. Nbd2 {[%clk 00:43:32]} {[%emt 00:01:20]} Nbd7 {[%clk
00:41:59]} {[%emt 00:01:17]} 13. Qe1 {[%clk 00:42:49]} {[%emt 00:00:53]} O-O
{[%clk 00:38:37]} {[%emt 00:03:32]} 14. Nh4 {[%clk 00:39:43]} {[%emt 00:03:17]}
g6 {[%clk 00:31:11]} {[%emt 00:07:36]} 15. Qg3 {[%clk 00:34:52]} {[%emt
00:05:00]} Kh8 {[%clk 00:29:36]} {[%emt 00:01:46]} 16. Rf2 {[%clk 00:33:42]}
{[%emt 00:01:20]} c6 {[%clk 00:28:34]} {[%emt 00:01:12]} 17. bxc6 {[%clk
00:31:38]} {[%emt 00:02:14]} bxc6 {[%clk 00:28:38]} {[%emt 00:00:06]} 18. Raf1
{[%clk 00:31:26]} {[%emt 00:00:21]} d5 {[%clk 00:24:52]} {[%emt 00:03:58]} 19.
exd5 {[%clk 00:31:21]} {[%emt 00:00:14]} cxd5 {[%clk 00:23:28]} {[%emt
00:01:33]} 20. Bb5 {[%clk 00:31:09]} {[%emt 00:00:23]} Be6 {[%clk 00:18:55]}
{[%emt 00:04:43]} 21. Qg5 {[%clk 00:29:46]} {[%emt 00:01:33]} Kg7 {[%clk
00:13:49]} {[%emt 00:05:16]} 22. Bxd7 {[%clk 00:29:44]} {[%emt 00:00:12]} Bxd7
{[%clk 00:13:05]} {[%emt 00:00:55]} 23. Rxf6 {[%clk 00:28:36]} {[%emt
00:01:17]} Ra6 {[%clk 00:12:27]} {[%emt 00:00:48]} 24. Rxg6+ {[%clk 00:28:37]}
{[%emt 00:00:09]} 1-0

[Event "ABC-4 2025 Groep A"]
[Site "Utrecht"]
[Date "2025.03.15"]
[Round "2.7"]
[White "Ramdien, Steven"]
[Black "Hage, Ruben"]
[Result "1-0"]
[WhiteFideId "8722626"]
[BlackFideId "8606444"]
[WhiteElo "1876"]
[BlackElo "1779"]

1. e4 {[%clk 00:55:17]} {[%emt 00:00:02]} e5 {[%clk 00:54:57]} {[%emt
00:00:23]} 2. Nf3 {[%clk 00:55:12]} {[%emt 00:00:16]} Nc6 {[%clk 00:55:03]}
{[%emt 00:00:04]} 3. Bc4 {[%clk 00:54:58]} {[%emt 00:00:23]} Bc5 {[%clk
00:55:06]} {[%emt 00:00:07]} 4. c3 {[%clk 00:55:01]} {[%emt 00:00:08]} Nf6
{[%clk 00:54:48]} {[%emt 00:00:28]} 5. d3 {[%clk 00:53:04]} {[%emt 00:02:06]}
d6 {[%clk 00:54:43]} {[%emt 00:00:16]} 6. b4 {[%clk 00:52:59]} {[%emt
00:00:14]} Bb6 {[%clk 00:54:44]} {[%emt 00:00:08]} 7. O-O {[%clk 00:52:59]}
{[%emt 00:00:11]} h6 {[%clk 00:54:14]} {[%emt 00:00:40]} 8. Nbd2 {[%clk
00:51:55]} {[%emt 00:01:14]} O-O {[%clk 00:53:10]} {[%emt 00:01:15]} 9. Bb3
{[%clk 00:51:32]} {[%emt 00:00:32]} a6 {[%clk 00:53:13]} {[%emt 00:00:08]} 10.
Nc4 {[%clk 00:51:05]} {[%emt 00:00:37]} Ba7 {[%clk 00:53:04]} {[%emt 00:00:18]}
11. Be3 {[%clk 00:50:35]} {[%emt 00:00:40]} Be6 {[%clk 00:52:33]} {[%emt
00:00:41]} 12. Bd4 {[%emt 00:01:43]} Bb6 13. Bxb6 {[%clk 00:49:02]} cxb6 {[%clk
00:51:36]} 14. Re1 {[%clk 00:48:44]} {[%emt 00:01:35]} Na7 {[%clk 00:45:45]} 15.
a3 {[%clk 00:47:35]} {[%emt 00:07:21]} 1-0

[Event "ABC-4 2025 Groep A"]
[Site "Utrecht"]
[Date "2025.03.15"]
[Round "2.8"]
[White "Smeenk, Merijn"]
[Black "Mastop, Guido"]
[Result "1-0"]
[WhiteFideId "8707919"]
[BlackFideId "8879915"]
[WhiteElo "1993"]
[BlackElo "1778"]

1. e4 {[%clk 00:55:17]} {[%emt 00:00:03]} c5 {[%clk 00:55:19]} {[%emt
00:00:02]} 2. Nf3 {[%clk 00:55:18]} {[%emt 00:00:08]} Nc6 {[%clk 00:55:28]}
{[%emt 00:00:02]} 3. d4 {[%clk 00:55:22]} {[%emt 00:00:06]} cxd4 {[%clk
00:55:36]} {[%emt 00:00:02]} 4. Nxd4 {[%clk 00:55:25]} {[%emt 00:00:06]} g6
{[%clk 00:55:43]} {[%emt 00:00:04]} 5. Nc3 {[%clk 00:54:59]} {[%emt 00:00:36]}
Bg7 {[%clk 00:55:43]} {[%emt 00:00:09]} 6. Be3 {[%clk 00:55:04]} {[%emt
00:00:06]} d6 {[%clk 00:55:47]} {[%emt 00:00:05]} 7. Bc4 {[%clk 00:54:41]}
{[%emt 00:00:33]} Nf6 {[%clk 00:54:36]} {[%emt 00:01:21]} 8. f3 {[%clk
00:54:42]} {[%emt 00:00:09]} Bd7 {[%clk 00:53:51]} {[%emt 00:00:55]} 9. Bb3
{[%clk 00:50:57]} {[%emt 00:03:55]} a6 {[%clk 00:51:03]} {[%emt 00:02:59]} 10.
Qd2 {[%clk 00:49:32]} {[%emt 00:01:35]} O-O {[%clk 00:47:43]} {[%emt 00:03:30]}
11. h4 {[%clk 00:49:26]} {[%emt 00:00:16]} h5 {[%clk 00:45:52]} {[%emt
00:02:00]} 12. Nd5 {[%clk 00:44:42]} {[%emt 00:04:55]} Nxd5 {[%clk 00:44:45]}
{[%emt 00:01:17]} 13. exd5 {[%clk 00:44:09]} {[%emt 00:00:44]} Nxd4 {[%clk
00:43:18]} {[%emt 00:01:37]} 14. Bxd4 {[%clk 00:44:01]} {[%emt 00:00:18]} Bxd4
{[%clk 00:39:15]} {[%emt 00:04:12]} 15. Qxd4 {[%clk 00:44:03]} {[%emt
00:00:08]} Rc8 {[%clk 00:38:25]} {[%emt 00:01:01]} 16. g4 {[%clk 00:38:24]}
{[%emt 00:05:49]} hxg4 {[%clk 00:34:51]} {[%emt 00:03:43]} 17. h5 {[%clk
00:37:26]} {[%emt 00:01:07]} f6 {[%clk 00:27:57]} {[%emt 00:07:06]} 18. hxg6
{[%clk 00:28:08]} {[%emt 00:09:28]} Qe8 {[%clk 00:24:47]} {[%emt 00:03:19]} 19.
O-O-O {[%clk 00:22:16]} {[%emt 00:06:02]} Qxg6 {[%clk 00:23:33]} {[%emt
00:01:24]} 20. fxg4 {[%clk 00:13:41]} {[%emt 00:08:44]} Bxg4 {[%clk 00:21:36]}
{[%emt 00:02:07]} 21. Rdg1 {[%clk 00:13:27]} {[%emt 00:00:24]} f5 {[%clk
00:21:19]} {[%emt 00:00:28]} 22. Qe3 {[%clk 00:11:26]} {[%emt 00:02:11]} Kf7
{[%clk 00:17:51]} {[%emt 00:03:38]} 23. Rh6 {[%clk 00:10:29]} {[%emt 00:01:07]}
Qxh6 {[%clk 00:08:57]} {[%emt 00:09:05]} 24. Qxh6 {[%clk 00:10:26]} {[%emt
00:00:13]} Ke8 {[%clk 00:09:04]} {[%emt 00:00:03]} 25. Kd2 {[%clk 00:09:37]}
{[%emt 00:00:58]} Bf3 {[%clk 00:08:31]} {[%emt 00:00:44]} 26. Qe6 {[%clk
00:09:02]} {[%emt 00:00:44]} Rc5 {[%clk 00:06:47]} {[%emt 00:01:55]} 27. Rg7
{[%clk 00:08:50]} {[%emt 00:00:23]} Rc7 {[%clk 00:06:35]} {[%emt 00:00:21]} 28.
c4 {[%clk 00:08:13]} {[%emt 00:00:46]} b5 {[%clk 00:05:33]} {[%emt 00:01:12]}
29. c5 {[%clk 00:07:38]} {[%emt 00:00:44]} dxc5 {[%clk 00:05:24]} {[%emt
00:00:20]} 30. d6 {[%clk 00:07:38]} {[%emt 00:00:11]} 1-0

[Event "ABC-4 2025 Groep A"]
[Site "Utrecht"]
[Date "2025.03.15"]
[Round "2.9"]
[White "Stoppels, Isabella"]
[Black "Waersegers, Brent"]
[Result "0-1"]
[WhiteFideId "8759905"]
[BlackFideId "8613803"]
[WhiteElo "1360"]
[BlackElo "1847"]

1. e4 {[%clk 00:55:18]} {[%emt 00:00:03]} e5 {[%clk 00:55:15]} {[%emt
00:00:06]} 2. Nf3 {[%clk 00:55:17]} {[%emt 00:00:10]} Nc6 {[%clk 00:55:20]}
{[%emt 00:00:05]} 3. d4 {[%clk 00:55:05]} {[%emt 00:00:21]} exd4 {[%clk
00:55:02]} {[%emt 00:00:29]} 4. Nxd4 {[%clk 00:55:08]} {[%emt 00:00:07]} Bc5
{[%clk 00:52:54]} {[%emt 00:02:18]} 5. Be3 {[%clk 00:54:50]} {[%emt 00:00:28]}
Qf6 {[%clk 00:51:39]} {[%emt 00:01:25]} 6. Nxc6 {[%clk 00:52:43]} {[%emt
00:02:17]} Bxe3 {[%clk 00:51:27]} {[%emt 00:00:22]} 7. fxe3 {[%clk 00:52:10]}
{[%emt 00:00:42]} Qxb2 {[%clk 00:48:24]} {[%emt 00:03:13]} 8. Qd4 {[%clk
00:51:03]} {[%emt 00:01:18]} Qc1+ {[%clk 00:48:27]} {[%emt 00:00:07]} 9. Kf2
{[%clk 00:49:34]} {[%emt 00:01:39]} Qxc2+ {[%clk 00:48:30]} {[%emt 00:00:08]}
10. Be2 {[%clk 00:48:51]} {[%emt 00:00:52]} Qxc6 {[%clk 00:48:24]} {[%emt
00:00:15]} 11. Nd2 {[%clk 00:46:19]} {[%emt 00:02:43]} Qf6+ {[%clk 00:48:16]}
{[%emt 00:00:18]} 12. Qxf6 {[%clk 00:45:41]} {[%emt 00:00:48]} Nxf6 {[%clk
00:48:19]} {[%emt 00:00:07]} 13. e5 {[%clk 00:44:25]} {[%emt 00:01:26]} Nd5
{[%clk 00:47:54]} {[%emt 00:00:34]} 14. Rac1 {[%clk 00:42:12]} {[%emt
00:02:23]} c6 {[%clk 00:47:14]} {[%emt 00:00:51]} 15. g4 {[%clk 00:41:45]}
{[%emt 00:00:37]} b6 {[%clk 00:46:14]} {[%emt 00:01:10]} 16. Ne4 {[%clk
00:41:19]} {[%emt 00:00:36]} Ke7 {[%clk 00:45:26]} {[%emt 00:00:58]} 17. h4
{[%clk 00:40:43]} {[%emt 00:00:46]} Ke6 {[%clk 00:44:33]} {[%emt 00:01:03]} 18.
Ng5+ {[%clk 00:39:46]} {[%emt 00:01:07]} Ke7 {[%clk 00:44:26]} {[%emt
00:00:17]} 19. e4 {[%clk 00:36:40]} {[%emt 00:03:15]} Nf4 {[%clk 00:43:46]}
{[%emt 00:00:50]} 20. Bc4 {[%clk 00:35:47]} {[%emt 00:01:02]} b5 {[%clk
00:42:57]} {[%emt 00:00:59]} 21. Bxf7 {[%clk 00:33:48]} {[%emt 00:02:09]} Nd3+
{[%clk 00:42:29]} {[%emt 00:00:38]} 22. Ke3 {[%clk 00:33:04]} {[%emt 00:00:50]}
Nxc1 {[%clk 00:42:34]} {[%emt 00:00:10]} 23. Rxc1 {[%clk 00:32:48]} {[%emt
00:00:26]} h6 {[%clk 00:42:38]} {[%emt 00:00:06]} 24. e6 {[%clk 00:31:00]}
{[%emt 00:01:58]} hxg5 {[%clk 00:42:33]} {[%emt 00:00:15]} 25. hxg5 {[%clk
00:30:10]} {[%emt 00:00:59]} dxe6 {[%clk 00:42:27]} {[%emt 00:00:16]} 26. g6
{[%clk 00:29:30]} {[%emt 00:00:50]} Bb7 {[%clk 00:42:27]} {[%emt 00:00:11]} 27.
e5 {[%clk 00:28:36]} {[%emt 00:01:05]} Rad8 {[%clk 00:42:07]} {[%emt 00:00:29]}
28. Ke4 {[%clk 00:27:17]} {[%emt 00:01:29]} c5+ {[%clk 00:41:53]} {[%emt
00:00:24]} 29. Ke3 {[%clk 00:26:37]} {[%emt 00:00:50]} Rh3+ {[%clk 00:41:53]}
{[%emt 00:00:10]} 30. Kf4 {[%clk 00:26:17]} {[%emt 00:00:31]} Rd4+ {[%clk
00:41:44]} {[%emt 00:00:18]} 31. Kg5 {[%clk 00:26:09]} {[%emt 00:00:16]} Rg3
{[%clk 00:41:33]} {[%emt 00:00:23]} 32. Rxc5 {[%clk 00:24:49]} {[%emt
00:01:31]} Rgxg4+ {[%clk 00:41:34]} {[%emt 00:00:08]} 33. Kh5 {[%clk 00:24:12]}
{[%emt 00:00:47]} Rh4+ {[%clk 00:41:41]} {[%emt 00:00:03]} 34. Kg5 {[%clk
00:24:04]} {[%emt 00:00:18]} Rdg4# {[%clk 00:41:36]} {[%emt 00:00:03]} 0-1